La Liga 2011-2012 Top scorers - Statistics

General Stats
  • This quiz has been taken 31 times
  • The average score is 7 of 10
Answer Stats
Goals Nationality Club Player % Correct
46 Portugal Real Madrid Cristiano Ronaldo
100%
50 Argentina Barcelona Lionel Messi
100%
21 France Real Madrid Karim Benzema
96%
24 Colombia Atlético Madrid Radamel Falcao
96%
22 Argentina Real Madrid Gonzalo Higuaín
93%
17 Spain Valencia Roberto Soldado
68%
17 Spain Athletic Bilbao Fernando Llorente
57%
16 Spain Real Betis Rubén Castro
18%
15 Ivory Coast Levante Arouna Koné
11%
15 Spain Rayo Vallecano Michu
11%
No matching quizzes found
Score Distribution
Percent of People with Each Score
Percentile by Number Answered
Your Score History
You have not taken this quiz